Ảnh hưởng của một số dưỡng chất đa-vi lượng và số lần xử lý trước thu hoạch lên chất lượng và hiện tượng khô đầu múi trái quýt Hồng (Citrus reticulata Blanco) : Luận văn Thạc sĩ khoa học Nông nghiệp chuyên ngành Trồng trọt

Đề tài tìm hiểu ảnh hưởng của một số dưỡng chất xử lý trước thu hoạch lên chất lượng và hiện tượng khô đầu múi trái quýt Hồng tại thời điểm thu hoạch.

Kaydedildi:
Detaylı Bibliyografya
Yazar: Nguyễn, Trần Anh Huấn
Materyal Türü: Kitap
Dil:Undetermined
Baskı/Yayın Bilgisi: Cần Thơ Trường Đại học Cần Thơ 2010
Konular:
Etiketler: Etiketle
Etiket eklenmemiş, İlk siz ekleyin!
Thư viện lưu trữ: Trung tâm Học liệu Trường Đại học Cần Thơ
LEADER 01303nam a2200217Ia 4500
001 CTU_162600
008 210402s9999 xx 000 0 und d
082 |a 634.304 
082 |b H502 
088 |a 60620110 
100 |a Nguyễn, Trần Anh Huấn 
245 0 |a Ảnh hưởng của một số dưỡng chất đa-vi lượng và số lần xử lý trước thu hoạch lên chất lượng và hiện tượng khô đầu múi trái quýt Hồng (Citrus reticulata Blanco) : 
245 0 |b Luận văn Thạc sĩ khoa học Nông nghiệp chuyên ngành Trồng trọt 
245 0 |c Nguyễn Trần Anh Huấn ; Người hướng dẫn khoa học Lê Văn Hòa 
260 |a Cần Thơ 
260 |b Trường Đại học Cần Thơ 
260 |c 2010 
520 |a Đề tài tìm hiểu ảnh hưởng của một số dưỡng chất xử lý trước thu hoạch lên chất lượng và hiện tượng khô đầu múi trái quýt Hồng tại thời điểm thu hoạch. 
650 |a Citrus,Calcium chloride,Calcium dihydrogen phosphate,Pre-harvest treatment 
904 |i Bạch Trúc 
980 |a Trung tâm Học liệu Trường Đại học Cần Thơ